书目信息 |
| 题名: |
伟大的品味
|
|
| 作者: | 莱文 著 ;冷雨璇 , 武宗杨 译 | |
| 分册: | ||
| 出版信息: | 北京 中国旅游出版社 2009.05 |
|
| 页数: | 239页 | |
| 开本: | 20cm | |
| 丛书名: | ||
| 单 册: | ||
| 中图分类: | TS941.717 | |
| 科图分类: | ||
| 主题词: | 服装美学 , 女服--服装美学 , 服装工业 | |
| 电子资源: | ||
| ISBN: | 978-7-5032-3641-9 | |
| 000 | 00928nam0 2200277 450 | |
| 001 | 614196 | |
| 005 | 20100806112350.62 | |
| 010 | @a978-7-5032-3641-9@dCNY48.00 | |
| 100 | @a20100515d2009 em y0chiy50 ea | |
| 101 | 1 | @achi@ceng |
| 102 | @aCN@b110000 | |
| 105 | @aa z 001yy | |
| 200 | 1 | @a伟大的品味@Awei da de pin wei@dGreat style@f(美) 詹妮·莱文著@g冷雨璇,武宗杨译@zeng |
| 210 | @a北京@c中国旅游出版社@d2009.05 | |
| 215 | @a239页@c图@d20cm | |
| 330 | @a本书揭示了你应该知道的,世界上最有型的女人们,如何建立完美个人衣橱的所有技巧。并配有精美图片,能让你的美装之路变得无比便捷并充满乐趣。 | |
| 500 | 10 | @aGreat style@mChinese |
| 606 | 0 | @a服装美学 |
| 606 | 0 | @a女服@x服装美学 |
| 606 | 0 | @a服装工业 |
| 690 | @aTS941.717@v4 | |
| 701 | 1 | @a莱文@Alai wen@c(Levin, Jenny)@4著 |
| 702 | 0 | @a冷雨璇@Aleng yu xuan@4译 |
| 702 | 0 | @a武宗杨@Awu zong yang@4译 |
| 801 | @aCN@c20100515 | |
| 905 | @eZ052@dTS941.717@f5 | |
| 伟大的品味=Great style/(美) 詹妮·莱文著/冷雨璇,武宗杨译.-北京:中国旅游出版社,2009.05 |
| 239页:图;20cm |
| ISBN 978-7-5032-3641-9:CNY48.00 |
| 本书揭示了你应该知道的,世界上最有型的女人们,如何建立完美个人衣橱的所有技巧。并配有精美图片,能让你的美装之路变得无比便捷并充满乐趣。 |
| ● |
| 相关链接 |
|
|
|
正题名:伟大的品味
索取号:TS941.717/Z052
 
预约/预借
| 序号 | 登录号 | 条形码 | 馆藏地/架位号 | 状态 | 备注 |
| 1 | 996780 | 209967801 | 自科二线400A/400A自科库 28排1列5层/ [索取号:TS941.717/Z052] | 在馆 | |
| 2 | 996781 | 209967810 | 自科二线400A/201建筑库 43排2列5层/ [索取号:TS941.717/Z052] | 在馆 | |
| 3 | 996782 | 209967829 | 自科二线400A/400A自科库 28排1列5层/ [索取号:TS941.717/Z052] | 在馆 | |
| 4 | 996783 | 209967838 | 自科库501/501自科库 74排2列4层/ [索取号:TS941.717/Z052] | 在馆 | |
| 5 | 996784 | 209967847 | 自科库501/501自科库 74排2列4层/ [索取号:TS941.717/Z052] | 在馆 |